Geboren in Ljubljana - Statistiken

Allgemein
  • Dieses Quiz wurde 7 mal gespielt
    2 seit der letzten Aktualisierung
  • Das Durchschnittsergebnis liegt bei 3 aus 11
Antwortstatistiken
Hinweis Antwort % Korrekt
Basketballspieler, Dallas Mavericks 1997 Luka Doncic
100%
Skispringer und zweifacher Bronzemedaillensieger bei der Weltmeisterschaft im Teamspringen 1983 Jernej Damjan
50%
früherer Nationalstürmer, (1.FC Köln) 1979 Milivoje Novakovic
50%
Nationaltorwart, Inter Mailand 1984 Samir Handanovic
50%
Skispringer und WM-Bronzegewinner auf der Normalschanze 1996 Anze Lanisek
0%
erster Sprecher des freigewählten Parlaments von Slowenien und einer der Hauptautoren der Slowenischen Verfassung 1923 France Bucar
0%
slowenisch-österreichischer Chemienobelpreisträger 1869 Fritz Pregl
0%
Basketballspieler, Chicago Bulls (früher Phoenix Suns und Miami Heat) 1986 Goran Dragic
0%
Präsidentin von Slowenien seit 2022 1968 Natasa Pirc Musar
0%
einer der international berühmtesten, lebenden Philosoph und Kulturkritiker 1949 Slavoj Zizek
0%
slowenisch-amerikanischer Schauspieler, "7 Psychopathen" "Three Billboards outside Ebbing, Missouri" 1957 Zeljko Ivanek
0%
Keine übereinstimmenden Quizze gefunden
Verteilung der Resultate
Anzahl Personen mit jedem Resultat
Perzentil nach korrekt beantworteten Fragen
Ihre Resultats-Entwicklung
Sie haben dieses Quiz seit der letzten Aktualisierung nicht gespielt